1180 1649 1230 1201 1017 1602 1000 1631 1741 1029 1727 1483 1085 1777 1487 1203 1041 1655 1490 1239 1958 1776 1072 1936 1840 1580 1837 1397 1760 1893 1825 1915 1947 1136 1425 1946 1216 1341 1127 1100 1242 1534 1743 2000 1104 1751 1987 1794 1233 1371 1306 1041 1037 1811 1660 1132 1592 1980 1597 1838 1871 1630 1253 1792 1355 1145 1479 1183 1570 1682 1906 1132 1479 1832 1091 1778 1257 1821 1832 1997 1775 1848 1329 1770 1025 1129 1265 1428 1374 1821 1929 1428 1004 1696 1860 1022 1835 1889 1903 BCNSPRNW ULIB Ver.6.0+V

เปลี่ยนเป็นภาษาไทย

Change to English
 แสดงรายละเอียดบรรณานุกรม
  กลับหน้าหลัก

Brief Record : Get Marc (ISO 2709) : E-mail record : QR code < ปิดหน้าต่าง
LEADER : 00000nam 2200000uu 4500
001    13399113659
003     ULIB
008    020711s2549 th a 000 0 tha d
020    ^a9749463854
090    ^aนว.^bs11ม 2549
100    ^aSteve Cash
245    ^aเดอะเม็ก เผ่าพันธุ์อมตะ/^cSteve Cash
260    ^aกรุงเทพฯ :^bนานมีบุ๊ค,^c2549
300    ^a527 หน้า
945    ^p345^l0^i019595
995    ทศพร
999 ^a ใช้งานได้ทุกระบบ
รายการนี้ยังไม่มีแท็ก
คุณยังไม่ได้ล็อกอิน คุณสามารถมีกิจกรรมร่วมกับเว็บไซต์ได้ แต่ต้องล็อกอินก่อน ::
  ล็อกอิน

รายการสื่อสารสนเทศ

ลำดับที่ ประเภท เลขเรียก/บาร์โค้ด สถานที่ สถานะ
1. นวนิยาย
นวนิยาย
นว. s11ม 2549 ฉ.1 
  Barcode: 019595
ห้องสมุดวิทยาเขตสวรรค์ประชารักษ์
►นวนิยาย
บนชั้น
  ขอยืม

BibComment


ยังไม่เคยถูกคอมเมนท์

คอมเมนท์ทรัพยากรรายการนี้
  คอมเมนท์: เดอะเม็ก เผ่าพัน..


 Copyright 2026. Bcnsprnw @Library